000 00277nam a2200109Ia 4500
005 20251222175939.0
008 251222s9999||||xx |||||||||||||| ||spa||
082 _a658.8/C79
100 _aCórdova, José Luis de
245 0 _aPrincipios y Objetivos del Márketing
942 _cLIB
999 _c41306
_d41306